00368nam a2200121Ia 4500008004100000041000800041082000800049100005900057245005500116260004900171300002000220440000600240221007s9999 xx 000 0 und d aeng bREK aRekha Singh - 2k181170 & Prof. Priyanka Potdar - Guide aStudy Of International Marketing And Sales Process c2019bSavitribai Phule Pune UniversityaPune a69pcHard Bound v1